Účtovná závierka a audit v podniku diplomová práca

Enregistré dans:
Détails bibliographiques
Auteur principal: Vaculková, Mária
Collectivité auteur: Fakulta podnikového manažmentu EU. Katedra podnikovohospodárska
Autres auteurs: Foltínová, Alžbeta
Format: Livre
Langue:slovaque
Publié: Bratislava 2009
Tags: Ajouter un tag
Pas de tags, Soyez le premier à ajouter un tag!

MARC

LEADER 00000nam$a2200000$$$4500
001 0101602
005 20240319130330.3
041 0 |a slo 
044 |a SK 
245 1 0 |a Účtovná závierka a audit v podniku  |b diplomová práca  |c Mária Vaculková ; škol. Alžbeta Foltínová 
264 1 |a Bratislava  |c 2009 
300 |a 68 s. 
100 1 |a Vaculková, Mária 
700 1 |a Foltínová, Alžbeta 
710 2 |a Fakulta podnikového manažmentu EU. Katedra podnikovohospodárska